Central Library and Information Centre
Sibsagar Girls' College, Sivasagar : Assam

GENETICS AND MICROBIAL BIOTECHNOLOGY (Record no. 22648)

MARC details
000 -LEADER
fixed length control field 00505cam a2200193ua 4500
008 - FIXED-LENGTH DATA ELEMENTS--GENERAL INFORMATION
fixed length control field 180321n2006 II |||gr||||Z||||||eng
040 ## - CATALOGING SOURCE
Original cataloging agency MAIN
041 ## - LANGUAGE CODE
-- English
082 ## - DEWEY DECIMAL CLASSIFICATION NUMBER
Classification number 660.60 SRI
100 ## - MAIN ENTRY--PERSONAL NAME
Personal name SRIRAM, SRIDHAR,
Relator term AUTHOR.
245 1# - TITLE STATEMENT
Title GENETICS AND MICROBIAL BIOTECHNOLOGY
250 ## - EDITION STATEMENT
Edition statement 1ST.
260 ## - PUBLICATION, DISTRIBUTION, ETC.
Place of publication, distribution, etc. NEW DELHI
Name of publisher, distributor, etc. DOMINENT PUBLISHER AND DISTRIBUTORS
Date of publication, distribution, etc. 2006
300 ## - PHYSICAL DESCRIPTION
Extent 280.:
Dimensions 22CM+
Accompanying material PB.
500 ## - GENERAL NOTE
General note RUSA MDC GRANT 2014-2017
942 ## - ADDED ENTRY ELEMENTS (KOHA)
Koha item type Books
653 ## - INDEX TERM--UNCONTROLLED
Uncontrolled term BIOTECHNOLOGY
Holdings
Withdrawn status Lost status Damaged status Not for loan Collection code Home library Current library Shelving location Date acquired Full call number Barcode Date last seen Copy number Price effective from Koha item type Public note
        TBZOO Central Library and Information Centre Sibsagar Girls College Central Library and Information Centre Sibsagar Girls College ZOOLOGY BOOK RACK 01.09.2017 660.60 SRI 35466 27.02.2020 1 27.02.2020 Books V
        TBZOO Central Library and Information Centre Sibsagar Girls College Central Library and Information Centre Sibsagar Girls College ZOOLOGY BOOK RACK 01.09.2017 660.60 SRI 35467 27.02.2020 2 27.02.2020 Books V
        TBZOO Central Library and Information Centre Sibsagar Girls College Central Library and Information Centre Sibsagar Girls College ZOOLOGY BOOK RACK 01.09.2017 660.60 SRI 35468 27.02.2020 3 27.02.2020 Books V
        TBZOO Central Library and Information Centre Sibsagar Girls College Central Library and Information Centre Sibsagar Girls College ZOOLOGY BOOK RACK 01.09.2017 660.60 SRI 35469 27.02.2020 4 27.02.2020 Books V
        TBZOO Central Library and Information Centre Sibsagar Girls College Central Library and Information Centre Sibsagar Girls College ZOOLOGY BOOK RACK 01.09.2017 660.60 SRI 35470 27.02.2020 5 27.02.2020 Books V


Sibsagar Girl's College © 2020. All rights reserved.
Powered by Koha.
Maintained by Abhijit Borpuzari.